Meeting housing needs through the market : an assessment of housing policies and the supply/demand balance in France and Great Britain (Record no. 38793)

MARC details
000 -LEADER
fixed length control field 01670cab a2200241 4500
001 - CONTROL NUMBER
control field ABS52126
008 - FIXED-LENGTH DATA ELEMENTS--GENERAL INFORMATION
fixed length control field 090401t1995 xxu||||| |||| 00| 0 eng d
035 ## - SYSTEM CONTROL NUMBER
System control number (Sirsi) u62421
041 ## - LANGUAGE CODE
Language code of text/sound track or separate title eng
100 ## - MAIN ENTRY--PERSONAL NAME
Personal name Kleinman, M.
245 ## - TITLE STATEMENT
Title Meeting housing needs through the market : an assessment of housing policies and the supply/demand balance in France and Great Britain
260 ## - PUBLICATION, DISTRIBUTION, ETC.
Date of publication, distribution, etc. 1995
350 ## - PRICE (NR) (BK AM CF MU VM SE) [OBSOLETE]
Price 0
490 ## - SERIES STATEMENT
Series statement Housing Studies
Volume/sequential designation 10(1) January 1995, 17-38(22)
520 ## - SUMMARY, ETC.
Summary, etc. In Britain and France, housing policy has become more market-orientated. This paper examines what this has meant for the balance between supply and demand and for progress in meeting housing needs. Projections for how housing needs and the demand/supply balance will develop in the 1990s are also analysed. Several common issues are identified : the existence of unmet housing needs, problems of indebtedness, the limits to the expansion of owner occupation, problems of social housing finance, and concerns about the decline of the private rented sector. There are also important differences between the two countries : housing output remains at a higher levels in France than in Britain; deregulation of housing finance has gone further in Britain than in France; and in France there remains a greater recognition by government that housing is a national responsibility. In both countries, the `marketisation` of housing policy means that housing outcomes have become more dependent on factors ex
650 ## - SUBJECT ADDED ENTRY--TOPICAL TERM
Topical term or geographic name entry element DEMOGRAPHY
650 ## - SUBJECT ADDED ENTRY--TOPICAL TERM
Topical term or geographic name entry element HOUSING POLICY
650 ## - SUBJECT ADDED ENTRY--TOPICAL TERM
Topical term or geographic name entry element SUPPLY AND DEMAND
690 ## - LOCAL SUBJECT ADDED ENTRY--TOPICAL TERM (OCLC, RLIN)
Topical term or geographic name as entry element HOUSING
690 ## - LOCAL SUBJECT ADDED ENTRY--TOPICAL TERM (OCLC, RLIN)
Topical term or geographic name as entry element OVERSEAS-EUROPE
942 ## - ADDED ENTRY ELEMENTS (KOHA)
Suppress in OPAC 0
948 ## - LOCAL PROCESSING INFORMATION (OCLC); SERIES PART DESIGNATOR (RLIN)
c (OCLC) 04/03/1997
Holdings
Withdrawn status Lost status Source of classification or shelving scheme Damaged status Not for loan Home library Current library Shelving location Date acquired Total Checkouts Full call number Barcode Date last seen Copy number Price effective from Koha item type
    Dewey Decimal Classification     London London Journal article 14/09/1999   ABS52126 62421-1001 06/08/2019 1 06/08/2019 Journal article